| 000 | 00000nas##2200000za#4500 |
|---|---|
| 001 | 9.505268 |
| 003 | CaOODSP |
| 005 | 20200716143750 |
| 007 | cr ||||||||||| |
| 008 | 150406c2000||||xxc|| p o||||f| |0eng|d |
| 040 | |aCaOODSP|beng |
| 043 | |an-cn--- |
| 086 | 1 |aJU12-1/E-PDF |
| 110 | 2 |aCanadian Judicial Council. |
| 245 | 10|aCNJ - computer news for judges |h[electronic resource] |
| 260 | |aOttawa - Ontario : |bCanadian Judicial Council |c2000. |
| 310 | |aIrregular |
| 690 | 07|aComputer systems|2gcpds |
| 690 | 07|aJudges|2gcpds |
| 775 | 08|tAIM - actualités informatiques pour la magistrature |w(CaOODSP)9.501668 |